000 00751nam a2200289Ia 4500
001 23645
003 IT-RoPAU
008 130308s9999 xx 000 0 und d
040 _aIT-RoPAU
040 _cIT-RoPAU
041 _aITALIANO
100 _aStefani Gino
100 _gCodice Aut. SPICS: 1035
245 _aLivelli di competenza musicale in Bartok
245 _bBartok e la Didattica Musicale
250 _a1a ed.
260 _aMILANO
260 _bUnicopli
260 _c1983 [1° Ed.:1983 - Ed.Ling.Originale:1981]
300 _a"6 p. (prefazione: no ; testo: 6 [pagine: 57-62])"
650 _aEDUCAZIONE ALLA MUSICA
650 _eCodice materia Spics: 7012
942 _cBK
957 _71
999 _c60710
_d60710
999 _bSI
999 _g1